Geographische Zweiergruppen - Statistiken

Allgemein
  • Dieses Quiz wurde 36.571 mal gespielt
  • Das Durchschnittsergebnis liegt bei 28 aus 40
Antwortstatistiken
Hinweis Antwort % Korrekt
Mikrostaaten innerhalb Italiens Vatikanstadt
99%
Nachbarländer Liechtensteins Schweiz
98%
Nachbarländer Liechtensteins Österreich
97%
Mikrostaaten innerhalb Italiens San Marino
97%
EU-Länder, die mit F beginnen Frankreich
95%
Größte Städte Bayerns München
95%
EU-Länder, die mit F beginnen Finnland
93%
Meere, an die Ägypten grenzt Mittelmeer
90%
Die zwei höchsten Berge der Welt Everest
88%
Koreanische Hauptstädte Seoul
85%
Asiatische Länder, die mit L beginnen Laos
82%
Größte italienische Inseln Sizilien
81%
Größte Städte Bayerns Nürnberg
80%
Nicht zusammenhängenden US-Staaten Alaska
78%
Nicht zusammenhängenden US-Staaten Hawaii
77%
Mediterrane Inselnationen Malta
77%
Südamerikanische Binnenstaaten Bolivien
76%
Südamerikanische Binnenstaaten Paraguay
76%
Längste Flüsse Großbritanniens Themse
74%
Mediterrane Inselnationen Zypern
74%
Länder, die sich Neuguinea teilen Papua-Neuguinea
73%
Meere, an die Ägypten grenzt Rotes Meer
73%
Länder, die sich Neuguinea teilen Indonesien
71%
Afrikanische Länder mit nur einer Landgrenze Lesotho
70%
Größte italienische Inseln Sardinien
67%
Amtssprachen Israels Arabisch
65%
Amtssprachen Israels Hebräisch
64%
Koreanische Hauptstädte Pjöngjang
62%
Die zwei höchsten Berge der Welt K2
60%
Länder, die ein X beinhalten Mexiko
60%
Asiatische Länder, die mit L beginnen Libanon
57%
Länder, die sich Hispaniola teilen Haiti
50%
Länder, die sich Hispaniola teilen Dominikanische Republik
49%
Afrikanische Länder mit nur einer Landgrenze Gambia
47%
Größte Flüsse Mesopotamiens Euphrat
38%
Größte Flüsse Mesopotamiens Tigris
38%
Länder, die ein X beinhalten Luxemburg
36%
Größte mexikanische Halbinseln Yucatán
30%
Größte mexikanische Halbinseln Baja California
18%
Längste Flüsse Großbritanniens Severn
9%
Keine übereinstimmenden Quizze gefunden
Verteilung der Resultate
Anzahl Personen mit jedem Resultat
Perzentil nach korrekt beantworteten Fragen
Ihre Resultats-Entwicklung
Sie haben dieses Quiz noch nicht gespielt